000 00837nam a2200241 i 4500
001 bg
100 1 _aBŁAŻEJEWSKI, Ryszard
245 1 0 _aKanalizacja wsi /
_cRyszard Błażejewski.
260 _aPoznań :
_bPolskie Zrzeszenie Inżynierów i Techników Sanitarnych,
_c2003.
300 _a351 s. :
_bil. ;
_c24 cm.
504 _aBibliogr., wykaz aktów prawnych, wykaz norm. - Indeks.
650 9 _aKanalizacja
650 9 _aWieś
_xhigiena
655 _aPodręczniki
020 _a8391425231
040 _cBPK
041 0 _apol
080 _a628.3(1-22)(07)
920 _a83-914252-3-1
942 _cKS
008 s pl f |000 0 pol
999 _c45969
_d45969
856 _uhttp://koha.tu.koszalin.pl/cgi-bin/koha/opac-detail.pl?biblionumber=45969
_yKatalog online BPK